The sermon bible; vol. 7. (Record no. 1613)

000 -LEADER
fixed length control field 00454nam a2200157 a 4500
001 - CONTROL NUMBER
control field :::00017798$&:&@@
003 - CONTROL NUMBER IDENTIFIER
control field OkBaRHE
005 - DATE AND TIME OF LATEST TRANSACTION
control field 20100326171700.0
008 - FIXED-LENGTH DATA ELEMENTS--GENERAL INFORMATION
fixed length control field j 000 0 eng u
040 ## - CATALOGING SOURCE
Transcribing agency
245 14 - TITLE STATEMENT
Title The sermon bible; vol. 7.
260 ## - PUBLICATION, DISTRIBUTION, ETC. (IMPRINT)
Place of publication, distribution, etc New York
Name of publisher, distributor, etc Funk & Wagnalls Company
300 ## - PHYSICAL DESCRIPTION
Extent v. (1-10)
942 ## - ADDED ENTRY ELEMENTS (KOHA)
Source of classification or shelving scheme
Koha item type Books
Copies
Shelving location Damaged status Not for loan Koha item type Barcode Source of classification or shelving scheme Copy number Collection code Date last seen Permanent Location Full call number Lost status Date acquired Price effective from Withdrawn status
General Stacks  Books17798 1Reference2010-04-14RHEMA Bible Training CollegeBS 534.5 S38 2010-04-142010-04-14